[Event "ch-Africa Women 2025"]
[Site "Kerdasa EGY"]
[Date "2025.05.19"]
[Round "8.9"]
[White "Mahmoud Youssef, Noha"]
[Black "Fayez Emad, Meryam"]
[Result "1-0"]
[WhiteElo "1772"]
[BlackElo "1643"]
[WhiteFideId "10688820"]
[BlackFideId "54240476"]
[EventDate "2025.05.13"]

1. e4 e6 2. d4 d5 3. Nc3 Nf6 4. e5 Nfd7 5. f4 c5 6. Nf3 Nc6 7. Be3 Be7 8. Qd2
O-O 9. O-O-O c4 10. f5 b5 11. fxe6 fxe6 12. Ng5 b4 13. Nxe6 bxc3 14. Qxc3 Qb6
15. Bxc4 dxc4 16. Nxf8 Nxf8 17. d5 Qb4 18. dxc6 Qxc3 19. bxc3 Ba3+ 20. Kd2 Bg4
21. Rdf1 Rc8 22. Rf4 Bh5 23. Rxc4 Rd8+ 24. Bd4 Ne6 25. c7 Rc8 26. Rb1 Rxc7 27.
Rb8+ Bf8 28. Rxc7 Nxc7 29. Bc5 Ne6 30. Bxf8 Nxf8 31. e6 1-0

[Event "ch-Africa Women 2025"]
[Site "Kerdasa EGY"]
[Date "2025.05.19"]
[Round "8.10"]
[White "Andhin, Chethanah"]
[Black "Rjeb, Nadine"]
[Result "0-1"]
[WhiteTitle "WCM"]
[WhiteElo "1585"]
[BlackElo "1658"]
[WhiteFideId "9700463"]
[BlackFideId "5539307"]
[EventDate "2025.05.13"]

1. d4 Nf6 2. c4 e6 3. Nc3 Bb4 4. Bg5 h6 5. Bh4 b6 6. Nf3 Bb7 7. e3 O-O 8. h3 d5
9. a3 Be7 10. Bd3 Ne4 11. Bxe7 Qxe7 12. O-O Nd7 13. Qc2 f5 14. cxd5 exd5 15. Nd2
Ndf6 16. Nf3 Nd7 17. Nd2 Nxd2 18. Qxd2 Rf6 19. Qc2 Raf8 20. Nb5 c6 21. Nc3 c5
22. Rfe1 c4 23. Be2 Rd8 24. Bf3 Nf8 25. b3 cxb3 26. Qxb3 Qf7 27. Rac1 Ng6 28.
Nb5 Nh4 29. Qd1 Bc6 30. Nc3 Qg6 31. Kh2 f4 32. Bg4 h5 33. Bf3 fxe3 34. Qc2 Qg5
35. fxe3 Nxf3+ 36. gxf3 Rxf3 37. Qg2 Qxg2+ 38. Kxg2 Rdf8 39. Nd1 Bb5 40. Rc7
Bf1+ 41. Kh2 Rxh3+ 42. Kg1 Rg3+ 43. Kh2 Rg2+ 44. Kh1 Rd2 45. Kg1 Bd3 46. e4 Bxe4
47. Ne3 h4 48. Rf1 Rxf1+ 49. Kxf1 h3 50. Rc1 0-1

[Event "ch-Africa Women 2025"]
[Site "Kerdasa EGY"]
[Date "2025.05.19"]
[Round "8.11"]
[White "Bushaala, Maryam Mohamed"]
[Black "Abo Bkr Mohamed, Hamsa"]
[Result "0-1"]
[WhiteElo "1607"]
[BlackElo "1482"]
[WhiteFideId "9221247"]
[BlackFideId "10646736"]
[EventDate "2025.05.13"]

1. e4 c6 2. d4 d5 3. exd5 cxd5 4. Bf4 Nf6 5. Nc3 Bg4 6. Be2 Bxe2 7. Ngxe2 Nc6 8.
O-O e6 9. Ng3 Qb6 10. Qc1 Nxd4 11. Be3 Ng4 12. Bxd4 Qxd4 13. Nce2 Qb6 14. h3 Nf6
15. b3 Bd6 16. Qg5 O-O 17. Rfe1 Bc5 18. Rf1 h6 19. Qh4 Rac8 20. Nf4 Bd6 21. Nfh5
Nxh5 22. Nxh5 Qd8 23. Qg4 Qg5 24. Qxg5 hxg5 25. Rfc1 Ba3 26. Re1 Rxc2 27. Re5
Bb2 0-1

[Event "ch-Africa Women 2025"]
[Site "Kerdasa EGY"]
[Date "2025.05.20"]
[Round "9.1"]
[White "Wafa, Shrook"]
[Black "February, Jesse Nikki"]
[Result "1-0"]
[WhiteTitle "WGM"]
[BlackTitle "WIM"]
[WhiteElo "2189"]
[BlackElo "2052"]
[WhiteFideId "10609970"]
[BlackFideId "14312336"]
[EventDate "2025.05.13"]

1. e4 e6 2. d4 d5 3. exd5 exd5 4. Nf3 Bd6 5. Bd3 Bg4 6. h3 Bh5 7. Be3 Nc6 8. c3
Qd7 9. g4 Bg6 10. Qc2 Bxd3 11. Qxd3 O-O-O 12. Nbd2 Nge7 13. O-O-O h5 14. Rhg1
Ng6 15. Qf5 hxg4 16. hxg4 Rdf8 17. Qxd5 Nce7 18. Qe4 Qa4 19. Kb1 Nc6 20. d5
Qxe4+ 21. Nxe4 Nce5 22. Nxd6+ cxd6 23. Nxe5 Nxe5 24. Bxa7 Rh4 25. Bd4 f6 26. Rg3
g5 27. Rdg1 Rh2 28. a4 Rfh8 29. Ka2 Kd7 30. Bxe5 dxe5 31. Rf3 Ke7 32. c4 R2h3
33. Rgg3 Rh1 34. Rb3 Rb8 35. Rh3 Rc1 36. Rb6 Rxc4 37. Rh7+ Kd8 38. Rd6+ Kc8 39.
Rxf6 Rxa4+ 40. Kb3 Rf4 41. Rxf4 exf4 42. Rh8+ Kc7 43. d6+ 1-0

[Event "ch-Africa Women 2025"]
[Site "Kerdasa EGY"]
[Date "2025.05.20"]
[Round "9.2"]
[White "Nassr, Lina"]
[Black "El Barbry, Sarah"]
[Result "1-0"]
[WhiteTitle "WIM"]
[WhiteElo "2029"]
[BlackElo "1841"]
[WhiteFideId "7908075"]
[BlackFideId "26051419"]
[EventDate "2025.05.13"]

1. d4 Nf6 2. Nf3 e6 3. e3 b6 4. Bd3 Bb7 5. Nbd2 d5 6. O-O Bd6 7. b3 O-O 8. Bb2
c5 9. Rc1 cxd4 10. exd4 Nc6 11. c4 dxc4 12. bxc4 Rc8 13. Re1 Ne7 14. Qe2 Ng6 15.
g3 Rc7 16. Ng5 Qc8 17. a3 Rd8 18. Qf1 Re8 19. Qh3 Bc6 20. d5 exd5 21. Bf5 Rxe1+
22. Rxe1 Bd7 23. Bxf6 h6 24. Bxd7 Qxd7 25. Qxd7 Rxd7 26. Re8+ Nf8 27. cxd5 gxf6
28. Nge4 Kg7 29. Nc4 Bc5 30. Nxc5 bxc5 31. d6 Ne6 32. Re7 Nf8 33. f4 f5 34. Re5
Ne6 35. Rxf5 f6 36. Rd5 Kg6 37. f5+ 1-0

[Event "ch-Africa Women 2025"]
[Site "Kerdasa EGY"]
[Date "2025.05.20"]
[Round "9.3"]
[White "Bwalya Mulwale, Lubuuto"]
[Black "Mohamed Zaki, Jana"]
[Result "1/2-1/2"]
[WhiteTitle "WCM"]
[WhiteElo "1954"]
[BlackElo "1891"]
[WhiteFideId "8706964"]
[BlackFideId "10683089"]
[EventDate "2025.05.13"]

1. c4 Nf6 2. Nc3 e6 3. g3 d5 4. Nf3 c6 5. e3 Bd6 6. d3 O-O 7. Bg2 Nbd7 8. O-O
Nb6 9. b3 Qe7 10. Bb2 e5 11. cxd5 cxd5 12. Nb5 Re8 13. Nxd6 Qxd6 14. Qd2 Bd7 15.
Rac1 Bc6 16. Rc2 a5 17. Rfc1 a4 18. d4 e4 19. Ne5 Rec8 20. Nxc6 bxc6 21. Bf1
axb3 22. axb3 h5 23. h4 Ng4 24. Be2 f6 25. Bxg4 hxg4 26. Qe2 Qe6 27. Kg2 Kf7 28.
Ra1 g5 29. hxg5 Rh8 30. Rxa8 Nxa8 31. Rc1 Qf5 32. Rh1 Qf3+ 33. Qxf3 gxf3+ 34.
Kg1 Rb8 35. gxf6 Rxb3 36. Bc1 Rb1 37. Kh2 Kxf6 38. g4 Nb6 39. Kg3 Nc4 40. Kf4
Na5 41. g5+ Kg7 42. Kf5 Nb3 43. g6 Nxc1 44. Rh7+ Kg8 45. Rc7 Rb8 46. Rxc6 Nd3
47. Rc2 Rf8+ 48. Kg5 Ne1 49. Rc5 Nd3 50. Rc2 Nxf2 51. Rxf2 Kg7 52. Rc2 f2 53.
Rc7+ Kg8 54. Kh6 f1=Q 55. Rg7+ Kh8 1/2-1/2

[Event "ch-Africa Women 2025"]
[Site "Kerdasa EGY"]
[Date "2025.05.20"]
[Round "9.4"]
[White "Mongeli, Sasha"]
[Black "Wafa, Shahenda"]
[Result "0-1"]
[WhiteTitle "WFM"]
[BlackTitle "WGM"]
[WhiteElo "1886"]
[BlackElo "2085"]
[WhiteFideId "10809090"]
[BlackFideId "10609962"]
[EventDate "2025.05.13"]

1. Nf3 f5 2. d3 Nf6 3. e4 d6 4. exf5 Bxf5 5. d4 e6 6. Bc4 d5 7. Bd3 Ne4 8. Bf4
Bd6 9. Bxe4 Bxe4 10. Bg3 Bxf3 11. Qxf3 Qf6 12. Qd3 Nc6 13. c3 O-O-O 14. Nd2 e5
15. dxe5 Bxe5 16. O-O g5 17. Nf3 Bf4 18. Nd4 Kb8 19. Qf5 Qxf5 20. Nxf5 Rhf8 21.
Ng7 Rd6 22. Rae1 a5 23. Ne6 Rf6 24. Nc5 b6 25. Re8+ Ka7 26. Nd3 Bxg3 27. fxg3
Kb7 28. Rxf6 Rxf6 29. Ne5 h6 30. Ng4 Rd6 31. Rh8 d4 32. Rxh6 Rd5 33. cxd4 Rxd4
34. Ne3 Rd2 35. Nc4 Rc2 36. b3 b5 37. Na3 Rc1+ 38. Kf2 Ne5 39. Re6 Ng4+ 40. Kf3
Nxh2+ 41. Ke4 c6 42. Kf5 Rc3 43. Re2 Rxg3 44. Nb1 Nf1 45. Nd2 Nxd2 46. Rxd2 Kb6
47. Rc2 b4 48. Ke5 Rc3 49. Rd2 g4 50. Kf4 g3 51. Re2 Kb5 52. Re5+ c5 53. Re2 a4
54. bxa4+ Kxa4 55. Kg4 Ka3 56. Kf4 c4 57. Kg4 b3 58. axb3 cxb3 59. Re8 b2 60.
Ra8+ Kb3 61. Rb8+ Kc2 62. Kh3 b1=Q 63. Rxb1 Kxb1 64. Kg4 Kc2 65. Kh3 Kd2 66. Kh4
Ke2 67. Kg4 Kf2 0-1

[Event "ch-Africa Women 2025"]
[Site "Kerdasa EGY"]
[Date "2025.05.20"]
[Round "9.5"]
[White "Alaa, Dema"]
[Black "Mahmoud Youssef, Noha"]
[Result "1-0"]
[WhiteElo "1828"]
[BlackElo "1772"]
[WhiteFideId "54205514"]
[BlackFideId "10688820"]
[EventDate "2025.05.13"]

1. e4 c5 2. c3 Nf6 3. e5 Nd5 4. Nf3 Nc6 5. Bc4 e6 6. d4 cxd4 7. cxd4 Nb6 8. Bb3
d6 9. Qe2 Be7 10. O-O O-O 11. Nc3 a6 12. exd6 Bxd6 13. Be3 Na5 14. Bc2 h6 15.
Qd3 f5 16. b3 Bb4 17. Ne2 Bd7 18. a4 Rc8 19. Bd2 Nd5 20. Rfc1 Nc6 21. Nf4 Nce7
22. Nxd5 Nxd5 23. Bxb4 Nxb4 24. Qd2 a5 25. Bd3 Bc6 26. Bc4 Bd5 27. Qe2 Qf6 28.
Re1 Rc6 29. Rac1 Rfc8 30. Bxd5 Nxd5 31. Rxc6 Rxc6 32. h3 Nc3 33. Qd3 Ne4 34. Qb5
Rc2 35. Re2 Rc1+ 36. Kh2 Qe7 37. Qxa5 Qd6+ 38. g3 Rc3 39. Rxe4 Rxf3 40. Qe5 Qxe5
41. Rxe5 Rxb3 42. Rxe6 Kf7 43. Rd6 Ke7 44. Rd5 g6 45. Kg2 Ke6 46. Rd8 Rb4 47.
d5+ Ke7 48. Rg8 Kf7 49. Rb8 Ke7 50. a5 Rb5 51. Kf3 Kd7 52. Ra8 Rxd5 53. Ra7 Kc6
54. a6 b5 55. Rg7 Rd3+ 56. Kf4 Rd4+ 57. Ke3 Re4+ 58. Kd3 Ra4 59. Rxg6+ Kd5 60.
Kc3 Kc5 61. Rxh6 b4+ 62. Kb2 Kc4 63. Rc6+ Kd5 64. Rf6 Ke4 65. Kb3 Ra5 66. Kxb4
Ra2 67. f4 Kf3 68. Rg6 Rh2 69. a7 Ra2 70. Rg7 Ke4 71. h4 Kd5 72. h5 Ke6 73. Kb5
Rb2+ 74. Ka6 Ra2+ 75. Kb7 Rb2+ 76. Kc8 Ra2 77. Kb8 Rb2+ 78. Rb7 Rd2 79. a8=Q Rd5
80. Qa2 Kf6 81. Rb6+ Ke7 82. Qxd5 1-0

[Event "ch-Africa Women 2025"]
[Site "Kerdasa EGY"]
[Date "2025.05.20"]
[Round "9.6"]
[White "Rjeb, Nadine"]
[Black "Ampaire, Shakira"]
[Result "0-1"]
[BlackTitle "WCM"]
[WhiteElo "1658"]
[BlackElo "1784"]
[WhiteFideId "5539307"]
[BlackFideId "10002782"]
[EventDate "2025.05.13"]

1. d4 d5 2. Nf3 Nf6 3. e3 g6 4. c4 Bg4 5. Qb3 Bc8 6. Nc3 e6 7. Be2 Bg7 8. O-O
O-O 9. Bd2 Nc6 10. cxd5 exd5 11. Na4 Ne4 12. Rac1 Bg4 13. Rfd1 Nxd2 14. Rxd2 Na5
15. Qc3 Bxf3 16. Bxf3 Nc4 17. Rdc2 c6 18. b3 Na3 19. Rd2 Re8 20. Qb4 Nb5 21.
Rdc2 Bf8 22. Qd2 Ba3 23. Rd1 Qe7 24. Nc5 a5 25. g3 Bb4 26. Qd3 Nd6 27. Rdc1 Ba3
28. Rd1 Ne4 29. Na4 f5 30. h4 h6 31. Bxe4 fxe4 32. Qe2 Rf8 33. Nc3 Rf3 34. Qf1
Raf8 35. Qg2 g5 36. hxg5 hxg5 37. Rf1 Bd6 38. Ne2 Kg7 39. Rcc1 Rh8 40. Rfd1 Qf7
41. Rf1 Rf6 42. Rfd1 Rfh6 43. Kf1 Rh2 44. Qg1 Rh1 45. Qxh1 Rxh1+ 46. Kg2 Qf3# 0-1

[Event "ch-Africa Women 2025"]
[Site "Kerdasa EGY"]
[Date "2025.05.20"]
[Round "9.7"]
[White "Romany, Joy"]
[Black "Laubscher, Anzel"]
[Result "1-0"]
[WhiteTitle "WIM"]
[BlackTitle "WIM"]
[WhiteElo "1932"]
[BlackElo "1844"]
[WhiteFideId "10656820"]
[BlackFideId "14300800"]
[EventDate "2025.05.13"]

1. d4 d5 2. c4 e6 3. g3 Nf6 4. Bg2 Be7 5. Nf3 O-O 6. O-O Nbd7 7. Qc2 c6 8. Nbd2
Re8 9. e4 dxe4 10. Nxe4 Nxe4 11. Qxe4 Nf6 12. Qe2 h6 13. Rd1 Qc7 14. Bf4 Bd6 15.
Bxd6 Qxd6 16. c5 Qc7 17. Ne5 Rd8 18. Nc4 Ne8 19. b4 Rb8 20. Rac1 Bd7 21. a3 Rdc8
22. Ne5 Nf6 23. h4 Rf8 24. Nc4 Ne8 25. Be4 f5 26. Bg2 f4 27. Ne5 fxg3 28. fxg3
Nf6 29. Bh3 Rbe8 30. Rf1 Bc8 31. Kh2 Rd8 32. Rcd1 Rfe8 33. Rf4 a5 34. Rdf1 axb4
35. axb4 Qb8 36. Rxf6 1-0

[Event "ch-Africa Women 2025"]
[Site "Kerdasa EGY"]
[Date "2025.05.20"]
[Round "9.8"]
[White "Abo Bkr Mohamed, Hamsa"]
[Black "Marochkina, Nadezhda Valerevna"]
[Result "0-1"]
[BlackTitle "CM"]
[WhiteElo "1482"]
[BlackElo "1808"]
[WhiteFideId "10646736"]
[BlackFideId "19900490"]
[EventDate "2025.05.13"]

1. e4 e6 2. d4 d5 3. Nd2 c5 4. c3 Nc6 5. Bb5 Qb6 6. Bxc6+ bxc6 7. Ne2 Ba6 8. Qc2
Nf6 9. e5 Nd7 10. f4 Rc8 11. Nf3 cxd4 12. cxd4 c5 13. Qd1 cxd4 14. Nfxd4 Nc5 15.
O-O Be7 16. Kh1 O-O 17. Rf3 Ne4 18. Qe1 Bc5 19. Rb3 Qc7 20. Be3 Bc4 21. f5 Bxb3
22. f6 Qxe5 23. fxg7 Qxg7 24. axb3 Rfd8 25. b4 Bb6 26. Qh4 Qf6 27. Qg4+ Kh8 28.
Kg1 Rg8 29. Qh3 e5 30. Rf1 Qg6 31. Nf5 Bxe3+ 32. Nxe3 Qe6 33. Qh5 Rg5 34. Qf3
Nd2 35. Qxf7 Qxf7 36. Rxf7 d4 37. Nd5 Ne4 38. Rxa7 Rc2 39. Ng3 Rc1+ 40. Nf1 Rf5
41. g3 Rfxf1+ 42. Kg2 Rf2+ 43. Kh3 Rcc2 44. b3 Nf6 45. Ra8+ Kg7 46. Ra7+ Kh6 47.
Nxf6 Rxf6 48. b5 Rb6 49. Re7 Rxb5 0-1

[Event "ch-Africa Women 2025"]
[Site "Kerdasa EGY"]
[Date "2025.05.20"]
[Round "9.9"]
[White "Ayemou, Mazan Emmanuela Esther"]
[Black "Fady, Heaven"]
[Result "1/2-1/2"]
[WhiteTitle "WCM"]
[WhiteElo "1911"]
[BlackElo "1685"]
[WhiteFideId "20803036"]
[BlackFideId "10691448"]
[EventDate "2025.05.13"]

1. e4 c6 2. d4 d5 3. Nc3 dxe4 4. Bc4 Nf6 5. f3 Bf5 6. g4 Bg6 7. g5 Nd5 8. Nxe4
e6 9. Bb3 Be7 10. Ne2 Nd7 11. N2g3 Qc7 12. c4 Nf4 13. O-O O-O 14. Be3 c5 15. d5
exd5 16. cxd5 Bd6 17. Qd2 Nh5 18. Nxh5 Bxh5 19. Nxd6 Qxd6 20. Bf4 Qb6 21. Ba4
Rad8 22. Rae1 Qa6 23. Bxd7 Rxd7 24. d6 Bg6 25. Re7 Bf5 26. a3 Qc6 27. Rxd7 Bxd7
28. Kg2 Re8 29. Re1 Rxe1 30. Qxe1 Qd5 31. Qa5 b6 32. Qxa7 Qf5 33. Qa8+ Bc8 34.
Qe4 Qxe4 35. fxe4 f5 36. e5 Kf7 37. Kf3 g6 38. Ke3 Ke6 39. Kd3 Bd7 40. Kc4 Bc6
41. b3 Bd7 42. a4 Bc6 43. h4 Bd5+ 44. Kb5 Bxb3 45. Kxb6 Bxa4 46. Kxc5 Kd7 47.
Kb4 Bc6 48. Kc4 Ba4 49. Bh2 Bc6 50. Kc5 Ba4 51. h5 Bb3 52. Kd4 Be6 53. hxg6 hxg6
54. Kc5 Bb3 55. e6+ Kxe6 56. Kc6 Ba4+ 57. Kc7 Be8 58. Bf4 Ba4 59. Be3 Be8 60.
Bf4 Ba4 61. Kd8 Bc6 62. Kc7 Be8 1/2-1/2

[Event "ch-Africa Women 2025"]
[Site "Kerdasa EGY"]
[Date "2025.05.20"]
[Round "9.10"]
[White "Fayez Emad, Meryam"]
[Black "Rakotoniaina, Tiana Johanna"]
[Result "1/2-1/2"]
[WhiteElo "1643"]
[BlackElo "1703"]
[WhiteFideId "54240476"]
[BlackFideId "13102630"]
[EventDate "2025.05.13"]

1. d4 d5 2. Nf3 c5 3. c3 Nc6 4. Bf4 Qb6 5. Qb3 c4 6. Qc2 e5 7. Nxe5 Nxe5 8. Bxe5
Bf5 9. Qxf5 Qb5 10. b4 Qxb4 11. Bf4 Qb2 12. g3 Nf6 13. Qc2 Qxa1 14. Bc1 b5 15.
Qa4 1/2-1/2

[Event "ch-Africa Women 2025"]
[Site "Kerdasa EGY"]
[Date "2025.05.20"]
[Round "9.12"]
[White "Abdel-Rehim Ahmed, Retal"]
[Black "Andhin, Chethanah"]
[Result "0-1"]
[BlackTitle "WCM"]
[WhiteElo "1636"]
[BlackElo "1585"]
[WhiteFideId "54243998"]
[BlackFideId "9700463"]
[EventDate "2025.05.13"]

1. Nf3 d5 2. d3 c5 3. g3 Nc6 4. Nbd2 Nf6 5. Bg2 Bf5 6. Nh4 Bg6 7. O-O e6 8. Re1
Be7 9. e4 Bh5 10. Nhf3 O-O 11. e5 Nd7 12. h3 Ndxe5 13. g4 Nxf3+ 14. Nxf3 Bg6 15.
h4 Bxh4 16. Bd2 Bf6 17. c3 Bxd3 18. Be3 c4 19. Qd2 Ne5 20. Kh2 Nxg4+ 21. Kh1 Be4
22. Nh2 Nxh2 23. Kxh2 Be5+ 24. Kh1 Qh4+ 25. Kg1 Qh2+ 26. Kf1 Qxg2+ 27. Ke2 Bf3# 0-1

[Event "ch-Africa Women 2025"]
[Site "Kerdasa EGY"]
[Date "2025.05.20"]
[Round "9.13"]
[White "WEFANG Lucrece"]
[Black "Tchouateu Tankeu Stephanie"]
[Result "1-0"]
[BlackTitle "WCM"]
[WhiteElo "1408"]
[BlackElo "1541"]
[WhiteFideId "16401980"]
[BlackFideId "16400470"]
[EventDate "2025.05.13"]

1. Nf3 Nf6 2. d4 d5 3. g3 g6 4. Bg2 Bg7 5. O-O O-O 6. c3 Nc6 7. Nbd2 Re8 8. Re1
e5 9. dxe5 Nxe5 10. Nxe5 Rxe5 11. Nf3 Re8 12. Bf4 Nh5 13. Bg5 Bf6 14. Bxf6 Nxf6
15. e3 Bg4 16. Qb3 Bxf3 17. Bxf3 Rb8 18. Red1 c6 19. e4 Re5 20. exd5 cxd5 21.
Rd2 Qa5 22. Rad1 Kg7 23. Bxd5 Rxd5 24. Rxd5 Nxd5 25. Rxd5 Qc7 26. Qd1 Qb6 27.
Qd4+ Qxd4 28. Rxd4 b6 29. Rd7 a5 30. b3 Kf6 31. Kg2 Ke6 32. Rd2 Rc8 33. c4 Rc6
34. Kf3 Rd6 35. Rxd6+ Kxd6 36. Ke4 Kc5 37. a3 Kd6 38. Kd4 f5 39. b4 a4 40. c5+
Kc6 41. cxb6 Kxb6 42. Kc4 h6 43. f4 g5 44. fxg5 hxg5 45. Kd4 Kb5 46. Ke5 Kc4 47.
Kxf5 Kb3 48. b5 Kxa3 49. b6 Ka2 50. b7 a3 51. b8=Q Ka1 52. Qa8 a2 53. Kxg5 Kb1
54. h4 a1=Q 55. Qxa1+ Kxa1 56. h5 Kb1 57. h6 Kc1 58. h7 Kd2 59. h8=Q Ke2 60. Qf8
Ke3 61. Kh5 Ke4 62. g4 Ke5 63. g5 Ke4 64. g6 Ke5 65. g7 Ke4 66. g8=R Ke5 67. Qf7
Ke4 68. Re8+ Kd4 69. Qd7+ Kc5 70. Rc8+ Kb6 71. Qc7+ Ka6 72. Qc1 Kb7 73. Rc2 Ka7
74. Rb2 1-0